|
|
|
|
| LEADER |
00000nam a22000007a 4500 |
| 005 |
20190828132635.0 |
| 007 |
cr|||| |||| |
| 008 |
190828s2019 es |||||s|||| 00||0 spa d |
| 020 |
|
|
|a 978-84-1324-235-4
|
| 035 |
|
|
|a 24230
|
| 040 |
|
|
|a vLex
|
| 090 |
|
|
|c 9308
|d 9308
|
| 100 |
1 |
|
|a Arv̌alo Gutiřrez, Alfonso
|
| 245 |
1 |
0 |
|a Manual de uso del Diputado
|h [Recurso electrn̤ico] /
|c Alfonso Arv̌alo Gutiřrez
|
| 256 |
|
|
|a Servicio en ln̕ea
|
| 260 |
|
|
|a Madrid:
|b Dykinson,
|c 2019
|
| 300 |
|
|
|a 1 recurso electrn̤ico
|
| 500 |
|
|
|a Respecto de la adquisicin̤ de la condicin̤ de diputado de la Asamblea de Madrid, nuestro reglamento acoge la diferenciacin̤ entre diputado electo y diputado pleno y as ̕tras la proclamacin̤ de los resultados, los diputados electos deben de cumplimentar un conjunto de requisitos para adquirir la plena condicin̤ de diputado. Tras el cumplimento de estos requisitos la Mesa de la Asamblea declarar ̀formalmente la adquisicin̤ por el diputado electo de la plena condicin̤ de diputado. En cuanto a la efectividad de los derechos, prerrogativas y deberes del diputado serǹ efectivos desde el mismo momento de su proclamacin̤ como diputado electo. Sin embargo, celebradas tres sesiones plenarias ordinarias sin que el diputado electo adquiera la plena condicin̤ de diputado, sus derechos, prerrogativas y deberes quedarǹ suspendidos hasta que dicha adquisicin̤ se produzca. Es acertada la inclusin̤ de los deberes en la tra̕da objeto de suspensin̤ pues otros reglamentos parlamentarios de nuestro entorno omiten los deberes dejando tan sl̤o en suspenso los derechos y prerrogativas si bien una interpretacin̤ sistemt̀ica no podra̕ sino concluir con su inclusin̤.
|
| 506 |
1 |
|
|a Disponible solo en los productos indicados
|d vLex Global
|d vLex Global (Academic Edition, excluding Law Schools)
|d vLex Global (U.S. Academic Edition, Law Schools)
|d vLex Global (U.S. Academic Edition, excluding Law Schools)
|d vLex Global (Academic Edition, Law Schools)
|
| 650 |
0 |
4 |
|a Administracin̤ autonm̤ica
|z Espaą
|
| 650 |
0 |
4 |
|a Administracin̤ local
|z Espaą
|
| 740 |
0 |
|
|a vLex Libros (Servicio en ln̕ea)
|
| 856 |
4 |
0 |
|u http://vlex.com/source/manual-de-uso-del-diputado-24230
|z Acceso restringido
|
| 942 |
|
|
|c BOOK
|
| 999 |
0 |
|
|a Autonomous administration
|
| 999 |
0 |
|
|a Local Administration
|